MARC

LEADER 00000nam0a2200000 4500
001 329389
005 20231102004145.0
035 |a (RuTPU)RU\TPU\book\355149 
090 |a 329389 
100 |a 20170314d1929 k y0rusy50 ca 
101 0 |a rus  |a fre 
102 |a RU 
105 |a a z 001zy 
200 1 |a Материалы к характеристике графитового месторождения балки Власовской  |f Ю. Ир. Половинкина  |g СССР, Геологический комитет (Геолком) 
210 |a Ленинград  |c Издание Геологического комитета  |d 1929 
215 |a 36 с.  |c ил.  |e 2 табл. 
225 1 |a Материалы по общей и прикладной геологии  |v Вып. 134 
225 1 |a Серия работ по петрографии и минералогии 
320 |a Библиогр. в тексте 
606 1 |a Графитовые месторождения  |x Геология  |2 stltpush  |3 (RuTPU)RU\TPU\subj\8582  |9 35965 
610 1 |a балка Власовская 
610 1 |a Кировоградская область 
610 1 |a библиотека М. А. Усова 
675 |a 553.91  |v 4 
700 1 |a Половинкина  |b Ю. Ир. 
712 0 1 |a СССР  |b Геологический комитет (Геолком)  |c (1922-1930)  |2 stltpush  |3 (RuTPU)RU\TPU\col\18484 
801 1 |a RU  |b 63413507  |c 20170314 
801 2 |a RU  |b 63413507  |c 20190126  |g RCR 
942 |c BK